Thế giới vi tính
Gorde:
| Formatua: | Liburua |
|---|---|
| Hizkuntza: | Undetermined |
| Argitaratua: |
Thành phố Hồ Chí Minh
Sở Khoa học và Công nghệ Thành phố Hồ Chí Minh
2019
|
| Gaiak: | |
| Etiketak: |
Etiketa erantsi
Etiketarik gabe, Izan zaitez lehena erregistro honi etiketa jartzen!
|
| Thư viện lưu trữ: | Trung tâm Học liệu Trường Đại học Cần Thơ |
|---|
| LEADER | 00581nam a2200169Ia 4500 | ||
|---|---|---|---|
| 001 | CTU_234342 | ||
| 008 | 210402s9999 xx 000 0 und d | ||
| 082 | |a 004 | ||
| 082 | |b Th250 | ||
| 245 | 0 | |a Thế giới vi tính | |
| 245 | 0 | |c Sở Khoa học và Công nghệ Thành phố Hồ Chí Minh | |
| 260 | |a Thành phố Hồ Chí Minh | ||
| 260 | |b Sở Khoa học và Công nghệ Thành phố Hồ Chí Minh | ||
| 260 | |c 2019 | ||
| 650 | |a Computers,Electronics | ||
| 904 | |i T.Trang | ||
| 980 | |a Trung tâm Học liệu Trường Đại học Cần Thơ | ||